000 00507nam a2200181Ia 4500
008 230917s9999||||xx |||||||||||||| ||und||
020 _cGBP29.99
040 _e228003
_aMAIN
041 _aEnglish
082 _a301.412 R568I(4)
100 _aRobinson, Victoria, ed.
245 0 _aIntroducing gender and women's studies
250 _a4th ed.
260 _aLondon
_bMacmillan Publishers
_c2015
300 _axxvii, 347 p.
500 _a2095 26/08/2015 APD15/1021908 24/09/2015 Main Budget
942 _cBK
999 _c15846
_d15846